000 00559nmm a2200181Ia 4500
008 251105s9999||||xx |||||||||||||||||und||
020 _a9788431540159
041 _aspa
100 _aMüller, Isa
245 0 _a500 frases en alemán para aprender en 5 días
264 _a[Madrid, España] :
_bDe Vecchi,
_c[Fecha de publicación no identificada]
300 _a0 páginas
650 _aOther Literatures and languages
700 _aMüller, Isa
700 1 _a Wilson, Robert
856 _uhttps://public.digitaliapublishing.com/a/123208
942 _cCF
999 _c69190
_d69190